000 004820000a22001810004500
020 _a958-06-0096-1
041 0 _aSPA
082 0 4 _aG 361.1 V444c
100 1 _aVelásquez, Jorge Enrique
245 1 0 _aCómo me infiltré y engañé al Cartel / Jorge Enrique Velásquez
260 _aColombia : Oveja Negra
300 _a190 Pag
001 9734
942 _cBK
999 _c39593
_d39593
336 _atexto
_btxt
_2rdacontent
337 _2rdamedia
_asin mediación
_bn
338 _2rdacarrier
_avolumen
_bnc